| 000 | 00000nam##2200000za#4500 |
| 001 | 9.651400 |
| 003 | CaOODSP |
| 005 | 20210615114949 |
| 007 | ta |
| 008 | 150407|2008||||xxc||||| f|0| 0 eng|d |
| 020 | |a978-1-100-11381-4 |
| 040 | |aCaOODSP|beng |
| 043 | |an-cn--- |
| 086 | 1 |aFs154-15/2008E |
| 110 | 1 |aCanada.|bDepartment of Fisheries and Oceans. |bCanadian Coast Guard. |
| 245 | 10|aReport on events related to the capsizing & sinking of l'Acadien II off the Coast of Cape Breton 28/29 March 2008 |
| 260 | |aOttawa - Ontario : |bFisheries and Oceans Canada. |cc2008. |
| 300 | |a103p. : |bcoloured figs., coloured map, glossary, references, photographs ; |c28 cm. + |e1 DVD under the same title. |
| 563 | |aSoftcover |
| 590 | |a08-50|b2008-12-12 |
| 775 | 08|tRapport sur les événements relatifs au chavirement et au naufrage de l'Acadien II au large de la côte du Cap-Breton les 28 et 29 mars 2008 |w(CaOODSP)9.684430 |
| 776 | 0#|tReport on events related to the capsizing & sinking of l'Acadien II off the Coast of Cape Breton 28/29 March 2008 |w(CaOODSP)9.670797 |
| 776 | 0#|tRapport sur les événements relatifs au chavirement et au naufrage de l'Acadien II au large de la côte du Cap-Breton les 28 et 29 mars 2008 |w(CaOODSP)9.670798 |
| 776 | 0#|tReport on events related to the capsizing & sinking of l'Acadien II off the Coast of Cape Breton 28/29 March 2008 |w(CaOODSP)9.691643 |